[Event "Subcarpathian-chT"]
[Site "Bystre"]
[Date "2021.06.13"]
[Round "8.17"]
[White "Szaro, Mariusz"]
[Black "Medrygal, Rafal"]
[Result "1/2-1/2"]
[WhiteElo "1566"]
[BlackElo "1295"]
[PlyCount "55"]
[EventDate "2021.06.09"]
[EventType "team-tourn"]
[EventRounds "9"]
[EventCountry "POL"]
[SourceTitle "EXT 2022"]
[Source "ChessBase"]
[SourceDate "2021.10.06"]
[SourceVersion "1"]
[SourceVersionDate "2021.10.06"]
[SourceQuality "1"]

1. d4 d5 2. Nc3 Nf6 3. Bf4 e6 4. e3 Bd6 5. Bg5 h6 6. Bh4 Nbd7 7. f4 c5 8. Nb5 Be7 9. Nf3 a6 10. Nc3 Qb6 11. Na4 Qa5+ 12. c3 cxd4 13. exd4 b5 14. Nc5 Nxc5 15. b4 Qc7 16. bxc5 Qxf4 17. Qd3 g5 18. Bg3 Qe4+ 19. Kd2 Qxd3+ 20. Bxd3 Nh5 21. a4 Nxg3 22. hxg3 bxa4 23. Rxa4 Rb8 24. Rb1 Rxb1 25. Bxb1 Bd8 26. Bd3 a5 27. Bb5+ Ke7 28. Ne5 1/2-1/2